| 000 | 00824nam a2200265Ia 4500 | ||
|---|---|---|---|
| 003 | OSt | ||
| 005 | 20220918214511.0 | ||
| 006 | a|||||r|||| 00| 0 | ||
| 007 | ta | ||
| 008 | 220917b |||||||| |||| 00| 0 eng d | ||
| 024 | _a137,702 | ||
| 037 | _cTextual | ||
| 040 |
_aARTS _cARTS _beng |
||
| 041 |
_2eng _aeng |
||
| 082 | _aY:351(S:55).5, L3 | ||
| 100 |
_aFerrante Joan M _9131510 |
||
| 245 | 0 |
_aConflict of love and honor _b The medieval tristan legand in France Germany and Italy |
|
| 260 |
_aParis _bMouton _c1973 |
||
| 300 |
_a160p. _ccm. |
||
| 490 | _aDe proprietatibus litterarum ed by C H Van Schoonevald; 78 | ||
| 500 | _aAppendix p122-147 (A-C); Bibliography p148-154 | ||
| 650 | _aSOCIOLOGY | ||
| 942 |
_hY:351(S:55).5, L3 _cTEXL _2CC |
||
| 999 |
_c260781 _d260781 |
||